| 000 | 00593nam a2200217 a 4500 | ||
|---|---|---|---|
| 001 | BRCA_6170 | ||
| 005 | 20190320205346.0 | ||
| 008 | 070711s1941----nyu#######---#000-0#eng-# | ||
| 041 | _ager | ||
| 044 | _agw | ||
| 050 | 4 |
_aPQ2491 _b.B48 1941 |
|
| 100 | 1 |
_aZola, Emile _d1840-1902 _914496 |
|
| 245 | 1 | 0 |
_aThe best known of Emile Zola _bIncluding Nana, Germinal and L´Assommoir |
| 260 |
_aNueva York _bHalcyon House _c1941 |
||
| 300 |
_a943 p. _c21 cm. |
||
| 500 | _aEdición con cantos dorados | ||
| 500 | _aK53 | ||
| 650 | 1 | 4 |
_aLiteratura francesa _915545 |
| 902 | _aGFM | ||
| 942 |
_2lcc _cB |
||
| 999 |
_c5857 _d5857 |
||